Проблемы адаптации студентов из России в американском обществе (на примере "Work and travel"); Международное образование и межкультурная коммуникация: проблемы, поиски, решения
| Parent link: | Международное образование и межкультурная коммуникация: проблемы, поиски, решения.— 2016.— [С. 157-159] |
|---|---|
| Hlavní autor: | |
| Korporativní autor: | |
| Další autoři: | |
| Shrnutí: | Заглавие с титульного экрана В статье исследуются основные трудности и особенности адаптации, актуальныедля русских студентов, временно ставших членами американского общества, приехав туда получить образование или работать. Было выявлено 6 основных социокультурных моментов, которые следует учесть студентам из России, отправляющимся в США. We have examined the basic difficulties and features of adaptation actual for Russian students who become temporary participants of the American society coming there to get higher education or work. We have revealed 6 major social and cultural items which should be taken into account by Russian students going to the USA. |
| Jazyk: | angličtina |
| Vydáno: |
2016
|
| Edice: | Социокультурная, академическая и психологическая адаптация иностранных студентов в системе высшего образования |
| Témata: | |
| On-line přístup: | http://earchive.tpu.ru/handle/11683/36042 |
| Médium: | Elektronický zdroj Kapitola |
| KOHA link: | https://koha.lib.tpu.ru/cgi-bin/koha/opac-detail.pl?biblionumber=621626 |
MARC
| LEADER | 00000naa2a2200000 4500 | ||
|---|---|---|---|
| 001 | 621626 | ||
| 005 | 20240109113530.0 | ||
| 035 | |a (RuTPU)RU\TPU\conf\20242 | ||
| 035 | |a RU\TPU\conf\20240 | ||
| 090 | |a 621626 | ||
| 100 | |a 20170113d2016 k y0rusy50 ca | ||
| 101 | 0 | |a eng | |
| 102 | |a RU | ||
| 105 | |a y z 101zy | ||
| 135 | |a drgn ---uucaa | ||
| 181 | 0 | |a i | |
| 182 | 0 | |a b | |
| 200 | 1 | |a Проблемы адаптации студентов из России в американском обществе (на примере "Work and travel") |f Д. C. Большанина |g sci. adv. A. K. Ustyuzhanina | |
| 203 | |a Текст |c электронный | ||
| 225 | 1 | |a Социокультурная, академическая и психологическая адаптация иностранных студентов в системе высшего образования | |
| 300 | |a Заглавие с титульного экрана | ||
| 320 | |a [Библиогр.: с. 159 (2 назв.)] | ||
| 330 | |a В статье исследуются основные трудности и особенности адаптации, актуальныедля русских студентов, временно ставших членами американского общества, приехав туда получить образование или работать. Было выявлено 6 основных социокультурных моментов, которые следует учесть студентам из России, отправляющимся в США. | ||
| 330 | |a We have examined the basic difficulties and features of adaptation actual for Russian students who become temporary participants of the American society coming there to get higher education or work. We have revealed 6 major social and cultural items which should be taken into account by Russian students going to the USA. | ||
| 463 | 1 | |0 (RuTPU)RU\TPU\conf\20073 |t Международное образование и межкультурная коммуникация: проблемы, поиски, решения |o сборник трудов международной научно-практический конференции, г. Томск, 26-27 октября 2016 г. |f Национальный исследовательский Томский политехнический университет (ТПУ) ; Российский гуманитарный научный фонд (РГНФ) ; под ред. И. В. Салосиной ; А. В. Байдак ; Е. А. Головачевой |v [С. 157-159] |d 2016 | |
| 610 | 1 | |a труды учёных ТПУ | |
| 610 | 1 | |a электронные ресурсы | |
| 610 | 1 | |a адаптация | |
| 610 | 1 | |a американское общество | |
| 610 | 1 | |a США | |
| 610 | 1 | |a образование | |
| 610 | 1 | |a работа | |
| 610 | 1 | |a adaptation | |
| 700 | 1 | |a Большанина |b Д. C. | |
| 702 | 1 | |a Ustyuzhanina |b A. K. |c linguist |c Associate Professor of Tomsk Polytechnic University, Candidate of philological sciences |f 1979- |g Anna Konstantinovna |4 727 |9 17261 | |
| 712 | 0 | 2 | |a Национальный исследовательский Томский политехнический университет (ТПУ) |b Физико-технический институт (ФТИ) |b Кафедра иностранных языков физико-технического института (ИЯФТ) |3 (RuTPU)RU\TPU\col\18736 |
| 801 | 2 | |a RU |b 63413507 |c 20170120 |g RCR | |
| 856 | 4 | |u http://earchive.tpu.ru/handle/11683/36042 | |
| 942 | |c BK | ||